Les Villes les plus peuplées de Belgique (Top 100) - Statistiques

Statistiques générales
  • Ce quiz a été pris 1 739 fois
  • Le résultat moyen est 32 sur 100
Statistiques - réponses
Habitants Ville % Correct
178 357 Bruxelles (Ville)
98%
197 419 Liège
96%
515 105 Anvers
95%
202 906 Charleroi
91%
118 184 Bruges
89%
253 948 Gand
88%
111 166 Namur
87%
95 379 Mons
83%
98 404 Louvain
76%
70 734 Ostende
76%
29 053 Arlon
72%
35 752 Mol
69%
117 184 Anderlecht
68%
69 792 Tournai
66%
76 468 Hasselt
64%
75 549 Courtrai
60%
33 625 Wavre
60%
84 244 Malines
58%
96 266 Molenbeek-Saint-Jean
58%
65 521 Genk
56%
80 514 La Louvière
54%
131 573 Schaerbeek
54%
85 280 Ixelles
50%
57 120 Mouscron
50%
81 506 Uccle
50%
55 746 Verviers
50%
31 242 Ottignies-Louvain-la-Neuve
47%
74 745 Saint-Nicolas
45%
29 533 Waterloo
44%
50 449 Saint-Gilles
41%
27 739 Nivelles
40%
64 336 Seraing
40%
83 920 Alost
39%
35 071 Ypres
38%
28 812 Ath
36%
33 314 Knokke-Heist
36%
40 303 Saint-Trond
33%
47 026 Etterbeek
31%
41 186 Woluwé-Saint-Pierre
31%
55 113 Forest
30%
53 986 Woluwé-Saint-Lambert
30%
32 751 Zaventem
30%
33 284 Binche
29%
38 057 Hal
29%
37 384 Waregem
29%
60 735 Roulers
28%
50 999 Jette
27%
39 736 Braine-l'Alleud
25%
32 922 Auderghem
24%
38 645 Evere
24%
40 513 Lokeren
24%
27 775 Saint-Josse-ten-Noode
24%
42 461 Vilvorde
24%
47 460 Beveren
23%
27 059 Soignies
23%
42 719 Turnhout
23%
30 728 Tongres
22%
26 099 Andenne
21%
39 955 Herstal
21%
34 005 Tirlemont
21%
45 021 Termonde
20%
28 338 Ans
17%
36 383 Châtelet
17%
38 879 Geel
17%
33 908 Lommel
17%
30 875 Audenarde
15%
30 434 Deinze
15%
41 314 Dilbeek
15%
38 008 Ninove
15%
33 070 Grammont
14%
25 809 Renaix
14%
36 606 Grimbergen
13%
34 675 Lierre
13%
27 918 Sambreville
13%
30 975 Courcelles
12%
37 575 Maasmechelen
12%
33 012 Menin
10%
31 133 Asse
9%
27 675 Herentals
9%
25 838 Zottegem
9%
44 901 Beringen
8%
26 049 Flémalle
8%
41 853 Heist-op-den-Berg
8%
31 344 Wevelgem
8%
27 455 Harelbeke
7%
27 447 Izegem
7%
34 004 Schoten
7%
32 977 Heusden-Zolder
6%
25 523 Willebroek
6%
31 752 Bilzen
5%
34 574 Evergem
5%
25 462 Mortsel
5%
29 221 Tamise
5%
29 335 Aerschot
4%
30 668 Houthalen-Helchteren
4%
26 993 Kapellen
4%
33 315 Leeuw-Saint-Pierre
4%
37 560 Braaschaat
3%
28 268 Brecht
3%
25 937 Lanaken
3%
Aucun quiz correspondant
Distribution des résultats
% des personnes avec chaque résultat
Percentile par nombre de réponses
Votre historique - résultats
Vous n’avez pas pris ce quiz